000 01374 a2200181 4500
003 Nust
005 20221205093231.0
040 _cNust
082 _a621.381528,PRI
100 _aShea, Richard F.
_941558
245 _aPrinciples of transistor circuits /
_c Richard F Shea Co-authors: Woo Foung Chow
260 _aWiley
_bNew York
_c1953
300 _a535 p
_billus
_c24 cm
505 _aSemiconductor Principles (Page-1),Forms, Types, and Characteristics of Transistors (Page-23),Transistor as Low- Frequency Circuits Elements (Page-33),Basic Principle of the Amplifier Stage (Page-50),Junction Transistor Multistage Amplifiers (Page-80),Bias Stabilization (Page-97),Power Amplifiers (Page-132),Direct Current Amplifier (Page-164),Transistors as High-Frequency Circuits Elements (Page-187),Basic Principle of High-Frequency Operation (Page-203),High-Frequency Circuit Design (Page-233),Video Amplifiers (Page-256),Oscillators (Page-274),Circuits Design by Duality (Page-290),Matrix Methods of Circuit Analysis (Page-301),Feedback Amplifiers (Page-341),Transient Analysis (Page-366),Large-Signal Operation (Page-397),Computer Circuits (Page-412),Noise In Transistors (Page-438),Associated Semiconductor Devices (Page-453),Small-Signal Parameter Measurements (Page-485).
600 _aShea, Richard F.
_941558
650 _aTelecommunication Engineering
942 _2ddc
_cBK
999 _c182361
_d182361